<The> Behavior of different groups of investors in the financial market

Iracionálne správanie investorov na finančnom trhu. Základné rozdiely medzi investormi.

Gespeichert in:
Bibliographische Detailangaben
1. Verfasser: Pilch, Ctibor, 1957-
Format: Buchkapitel
Sprache:Englisch
Schlagworte:
Tags: Tag hinzufügen
Keine Tags, Fügen Sie das erste Tag hinzu!

MARC

LEADER 00000nla a2200000 4500
001 0226029
005 20240502073718.2
041 0 |a eng 
044 |a SK 
245 1 0 |a <The> Behavior of different groups of investors in the financial market  |c Ctibor Pilch 
520 |a Iracionálne správanie investorov na finančnom trhu. Základné rozdiely medzi investormi. 
610 2 0 |a stratégia investičná 
610 2 0 |a rozhodovanie investičné 
610 2 0 |a riziko finančné 
610 2 0 |a trh finančný 
100 1 |a Pilch, Ctibor, 1957-